Novelizovaný živnostenský zákon, ochrana spotrebiteľa, kontrola a inšpekcia podnikateľa
Uložené v:
| Médium: | Kniha |
|---|---|
| Jazyk: | Slovak |
| Vydavateľské údaje: |
Bratislava
Epos
1994
|
| Vydanie: | 1. vyd. |
| Predmet: | |
| Tagy: |
Žiadne tagy, Buďte prvý, kto otaguje tento záznam!
|
MARC
| LEADER | 00000nam a2200000 4500 | ||
|---|---|---|---|
| 001 | c005649 | ||
| 005 | 20221214075343.4 | ||
| 020 | |a 80-85703-74-2 | ||
| 041 | 0 | |a slo | |
| 044 | |a SK | ||
| 245 | 1 | 0 | |a Novelizovaný živnostenský zákon, ochrana spotrebiteľa, kontrola a inšpekcia podnikateľa |
| 250 | |a 1. vyd. | ||
| 264 | 1 | |a Bratislava |b Epos |c 1994 | |
| 300 | |a 192 s. | ||
| 610 | 2 | 0 | |a zákony |
| 610 | 2 | 0 | |a vyhlášky |
| 610 | 2 | 0 | |a živnosti |
| 610 | 2 | 0 | |a ochrana spotrebiteľa |
| 610 | 2 | 0 | |a kontrola štátna |
| 610 | 2 | 0 | |a inšpekcia štátna |
| 610 | 2 | 0 | |a obchod |
| 610 | 2 | 0 | |a poľnohospodárstvo |
| 610 | 2 | 0 | |a potraviny |
| 610 | 2 | 0 | |a 1991 |
| 610 | 2 | 0 | |a 1992 |
| 610 | 2 | 0 | |a 1994 |
| 610 | 2 | 0 | |a Slovensko |